000 00691nam a2200241 i 4500
001 bg
100 1 _aTRUESDELL, C.
245 1 0 _aThe non-linear field theories of mechanics /
_cC. Truesdell, W. Noll.
250 _a2nd ed.
260 _aBerlin [i in.] :
_bSpringer Verl.,
_ccop. 1992.
300 _aX, 591 s. :
_bfot., wykr. ;
_c24 cm.
504 _aBibliogr. s. 542-579. - Indeks.
650 9 _aMechanika nieliniowa
_xteoria
650 9 _aOśrodki ciągłe
_xmechanika
_xteoria
700 1 _aNOLL, W.
020 _a3540550984
040 _cBPK
041 0 _aen
080 _a539.3/6:517.9
920 _a3-540-55098-4
942 _cKS
008 s pl f |000 0 pol
999 _c30398
_d30398
856 _uhttp://koha.tu.koszalin.pl/cgi-bin/koha/opac-detail.pl?biblionumber=30398
_yKatalog online BPK